Estatísticas para os países com as maiores 36 economias

Clique aqui para jogar o quiz

Estatísticas Gerais

  • Esse quiz foi jogado 377 vezes
  • A pontuação média é 31 de 36

Estatísticas das Respostas

DinheiroPaís% Correto
10,430,5902China
100%
17,348,0721Estados Unidos
100%
2,346,5237Brasil
99%
4,602,4193Japão
99%
1,849,94010Russía
99%
3,868,2914Alemanha
98%
1,785,38711Canadá
98%
1,294,69515México
98%
2,829,1926França
97%
2,054,9419Indía
96%
2,141,1618Itália
96%
2,988,8935Reino Unido
96%
543,49023Argentina
95%
1,471,43912Austrália
95%
1,381,34214Espanha
95%
571,09021Suécia
94%
1,410,38313Coreia do sul
93%
752,46019Arábia saudita
92%
349,81933África do Sul
91%
500,51927Noruega
91%
888,53816Indonésia
90%
701,03720Suiça
89%
425,32629Irã
86%
798,41418Turquia
86%
377,74032Colômbia
85%
544,95922Polônia
85%
531,54725Bélgica
82%
346,11934Dinamarca
80%
436,88828Austría
79%
568,49924Nigéria
77%
404,82430Tailândia
77%
399,45131Emirados Árabes Unidos
69%
326,93335Malásia
66%
509,96826Venezuela
51%
879,31917Países baixos
49%
307,87236Cingapura
17%

Distribuição das Pontuações

Percentil de Números Respondidos

Porcentagem de Pessoas com Cada Pontuação

Sua Pontuação Histórica

Você não jogou esse quiz